000
002350000a22000970004500
100
1
_a
Kaufman, Matt
245
1
0
_a
Depopulation bome
300
_a
Vol.21, núm.8 (August, 1999), Páginas 30-33
773
0
_t
Mission Frontiers
942
_c
ANA
999
_c
60331
_d
60331